000 00304nam a22001217a 4500
082 _a530
_bGOV/E
100 _aGOVERNMENT OF KERALA
245 _aSIET KERALA ENGINEEERING ENTRANCE TOP WINNER
_bENGLISH
260 _aTRIVANDUM
_bGOVT. OF KERALA
300 _bCD
520 _aPHYSICS ENGINEERING
942 _cBK
999 _c7281
_d7281